Las más famosas leyendas de la mitología

Na minha lista:
Detalhes bibliográficos
Autor principal: Fox, Robina (Author)
Formato: Livro
Idioma:espanhol
Publicado em: Ciudad de México Tomo 1998
Assuntos:
Tags: Adicionar Tag
Sem tags, seja o primeiro a adicionar uma tag!

MARC

LEADER 00000nam a2200000 a 4500
001 UCN7114
003 CL-VaPUC
008 011012e19980000MX |||||||||||||||||spa|d
082 0 4 |a 398.21  |b FOX  |2 21 
100 0 |a Fox, Robina  |e author  |9 463038 
245 1 4 |a Las más famosas leyendas de la mitología 
300 |a 208 p 
942 |c BK 
945 |d 20011012 00:00:00  |a cmena 
260 |a Ciudad de México  |b Tomo  |c 1998 
650 0 |a Mitología   |9 255719 
650 7 |a LEYENDAS MITOLOGICAS  |2 CL-VaPUC  |9 463039 
650 7 |a PERSONAJES MITOLOGICOS  |2 CL-VaPUC  |9 463040 
583 |a last modification  |c 20011012 00:00:00  |k Rodrigo Vera 
999 |c 297631  |d 297629 
952 |0 0  |1 0  |4 0  |6 398_210000000000000_FOX_1998  |7 0  |8 A  |9 352546  |a BIBEDU  |b BIBEDU  |d 2019-11-21  |i 3762874  |l 1  |o 398.21 FOX 1998  |p 3762874  |r 2024-04-01  |s 2024-03-22  |w 2019-11-21  |y BK  |k CUE